Albertine disparue
Αποθηκεύτηκε σε:
| Κύριος συγγραφέας: | |
|---|---|
| Μορφή: | Βιβλίο |
| Γλώσσα: | French |
| Δημοσίευση: |
[Paris] :
Gallimard,
1990.
|
| Σειρά: | Collection Folio classique ;
2139 |
| Θέματα: | |
| Ετικέτες: |
Προσθήκη ετικέτας
Δεν υπάρχουν, Καταχωρήστε ετικέτα πρώτοι!
|
MARC
| LEADER | 00000cam a2200000 i 4500 | ||
|---|---|---|---|
| 001 | 1/21857 | ||
| 008 | 970709s1990 fr | ||| |||| ||fre|| | ||
| 020 | |a 2070382338 |q (τ. 6) | ||
| 035 | |a 1995 |b 3 |c Ξανθάκη |l 10036412 | ||
| 040 | |a GR-My-Ua |b gre |e AACR2 | ||
| 041 | 0 | |a fre | |
| 082 | 7 | |a 843 |2 (22) | |
| 100 | 1 | |a Proust, Marcel, |d 1871-1922. | |
| 245 | 1 | 0 | |a Albertine disparue / |c Marcel Proust. |
| 260 | |a [Paris] : |b Gallimard, |c 1990. | ||
| 300 | |a 364 σ. | ||
| 490 | 1 | |a (Collection Folio classique ; |v 2139) | |
| 650 | 0 | |a French fiction. | |
| 767 | 0 | 8 | |i Μεταφρασμένο ως: |t Μετα την εξαφάνιση της Αλμπερτιν / |
| 830 | 0 | |a Collection Folio classique ; |v 2139 | |
| 852 | |a INST |b RHODES |e 19970709 |h 843 PRO |p 005400011468 |q 005400011468 |t BK |y 0 | ||